000 01019nam0a2200313 4500
001 RU\NLR\ONL1\6411
005 20250806202952.0
035 _a(NLR Aleph) 009635162
090 _a12803
_c12803
100 _a20050915d1941 c y0rusy50 ca
101 0 _achm
102 _aRU
105 _ay |||||||||
200 1 _aРусско-марийский словарь для горно-марийских начальных школ
210 _aМ.
_cУчпедгиз
_d1941
215 _a112 с.
_d20
300 _aДоп. тит. л. на рус. яз.
606 0 _aРусско-марийские словари
_2nlr-sh2
_2nlr-sh1
_3RU\NLR\auth-onl\6663
686 1 _aШ141.2-48
686 1 _aЩ166.32-48
700 1 _aВаскин
_bВ. П.
_4070
801 0 _aRU
_bNLR
_c20050915
_gPSBO
852 _aNLR
_bОНЛ
_jМар.г./3-1863
942 _cBOOK
945 _aРоссийская национальная библиотека
980 _aNB
980 _aBV